Southern flavours : (Record no. 60051)

MARC details
000 -LEADER
fixed length control field 00838nam a22002177a 4500
005 - DATE AND TIME OF LATEST TRANSACTION
control field 20111228104156.0
008 - FIXED-LENGTH DATA ELEMENTS--GENERAL INFORMATION
fixed length control field 111228t xxu||||| |||| 00| 0 eng d
010 ## - LCCN (DPL NO)
LC control number ENG-104537
020 ## - INTERNATIONAL STANDARD BOOK NUMBER
International Standard Book Number 9789381626283
Terms of availability 599.00
035 ## - SYSTEM CONTROL NUMBER
System control number EN-88070
037 ## - SOURCE OF ACQUISITION
Source of stock number/acquisition DBAD/PUB
040 ## - CATALOGING SOURCE
Original cataloging agency DPL
Language of cataloging Eng
082 ## - DEWEY DECIMAL CLASSIFICATION NUMBER
Classification number 641.650954
100 ## - MAIN ENTRY--PERSONAL NAME
9 (RLIN) 37371
Personal name Padmanabhan, Chandra
245 00 - TITLE STATEMENT
Title Southern flavours :
Statement of responsibility, etc by Chandra Padmanabhan
Remainder of title the best of South Indian cuisine /
260 ## - PUBLICATION, DISTRIBUTION, ETC. (IMPRINT)
Place of publication, distribution, etc Chennai
Name of publisher, distributor, etc Westland
Date of publication, distribution, etc 2011
270 ## - ADDRESS
Address Venkat Towers, 165, P.H. Road, Maduravoyal,
City Chennai
Postal code 600095
300 ## - PHYSICAL DESCRIPTION
Extent 172p. :
Dimensions 23cm (Hb)
Other physical details col. ill.
942 ## - ADDED ENTRY ELEMENTS (KOHA)
Source of classification or shelving scheme Dewey Decimal Classification
Item type English Books
Call number suffix PAD
Classification part 641.650954
Holdings
Withdrawn status Lost status Source of classification or shelving scheme Damaged status Not for loan Collection code Home library Current library Date acquired Source of acquisition Cost, normal purchase price Total Checkouts Full call number Barcode Date last seen Copy number Cost, replacement price Koha item type
    Dewey Decimal Classification   Not For Loan Non-fiction D.B.Act.Division D.B.Act.Division 28/12/2011 DBAD / PUB 599.00   641.650954 PAD EN-88070 28/12/2011 1 599.00 English Books

© Delhi Public Library
Hit Counter
free hit counter